Desarrollo humano, economía popular y educación

Guardat en:
Dades bibliogràfiques
Autor principal: Coraggio, José Luis (Autor)
Format: Llibre
Idioma:espanyol
Publicat: Buenos Aires Aique 1995
Col·lecció:Colección Cuadernos
Matèries:
Etiquetes: Afegir etiqueta
Sense etiquetes, Sigues el primer a etiquetar aquest registre!

MARC

LEADER 00000nam a2200000 a 4500
001 UCZ5542
003 CL-VaPUC
008 951123e19950000AG |||||||||||||||||spa|d
082 0 4 |a 338.9  |b COR  |2 21 
100 0 |a Coraggio, José Luis  |e author  |9 349613 
245 1 0 |a Desarrollo humano, economía popular y educación 
300 |a 248 p 
942 |c BK 
945 |d 19951123 00:00:00  |a rleighto 
260 |a Buenos Aires  |b Aique  |c 1995 
650 0 |a Desarrollo humano  |9 349614 
650 0 |a Economía   |9 255568 
650 0 |a Educación  |9 258661 
650 7 |a POLITICA DE LAS CIENCIAS SOCIALES  |2 CL-VaPUC  |9 349615 
650 0 |a Política educacional  |9 308011 
650 7 |a ORGANIZACIONES GUBERNAMENTALES  |2 CL-VaPUC  |9 338629 
650 7 |a ORGANIZACIONES NO GUBERNAMENTALES  |2 CL-VaPUC  |9 349616 
583 |a last modification  |c 20150625 11:36:46  |k Rodrigo Vera 
490 0 |a Colección Cuadernos 
999 |c 241840  |d 241838 
952 |0 0  |1 0  |4 0  |6 338_900000000000000_COR_1995  |7 0  |8 A  |9 254345  |a FDOPOS  |b FDOPOS  |d 2019-11-19  |i 3154440  |o 338.9 COR 1995  |p 3154440  |r 2025-01-22  |w 2019-11-19  |y BK  |k MED